[Event "Titled Tuesday intern op 26th Sep Late"]
[Site "Chess.com INT"]
[Date "2023.09.26"]
[Round "6"]
[White "Xhembulla, Aleksander"]
[Black "Bazeev, German"]
[Result "0-1"]
[WhiteElo "2194"]
[BlackElo "2369"]
[PlyCount "78"]
[EventDate "2023.09.26"]
[EventType "swiss (blitz)"]
[EventRounds "11"]
[EventCountry "USA"]
[SourceTitle "EXT 2024"]
[Source "ChessBase"]
[SourceDate "2023.10.10"]
[SourceVersion "1"]
[SourceVersionDate "2023.10.10"]
[SourceQuality "1"]

1. e4 g6 2. d4 Bg7 3. Nc3 d6 4. Be3 Nd7 5. h4 h5 6. Nf3 Ngf6 7. Ng5 Ng4 8. Bc4 0-0 9. Qf3 e6 10. 0-0-0 c6 11. Bf4 d5 12. Be2 b5 13. Bd6 b4 14. Bxb4 c5 15. dxc5 d4 16. Nb5 Nde5 17. Qg3 Nc6 18. Ba3 Qa5 19. Nd6 Rb8 20. Nc4 Qa4 21. b3 Qa6 22. Bxg4 Ne5 23. Nxe5 Qxa3+ 24. Kb1 hxg4 25. Nc4 Qb4 26. h5 Qxc4 27. Qxb8 Qc3 28. h6 Bf6 29. h7+ Kh8 30. Nxf7+ Kg7 31. h8Q+ Rxh8 32. Rxh8 d3 33. Rg8+ Kxg8 34. Qxc8+ Kxf7 35. Qd7+ Kf8 36. Qc8+ Kg7 37. Qd7+ Kh6 38. e5 Qxc2+ 39. Ka1 Bxe5+ 0-1

[Event "Titled Tuesday intern op 26th Sep Late"]
[Site "Chess.com INT"]
[Date "2023.09.26"]
[Round "4"]
[White "Xhembulla, Aleksander"]
[Black "Indjic, Aleksandar"]
[Result "0-1"]
[WhiteElo "2194"]
[BlackElo "2606"]
[PlyCount "78"]
[EventDate "2023.09.26"]
[EventType "swiss (blitz)"]
[EventRounds "11"]
[EventCountry "USA"]
[SourceTitle "EXT 2024"]
[Source "ChessBase"]
[SourceDate "2023.10.10"]
[SourceVersion "1"]
[SourceVersionDate "2023.10.10"]
[SourceQuality "1"]

1. e4 e5 2. Nf3 Nc6 3. Bc4 Nf6 4. d3 h6 5. c3 d6 6. a4 g5 7. Nbd2 Bg7 8. Nf1 Be6 9. Ne3 Qd7 10. Bxe6 fxe6 11. h4 g4 12. Nd2 h5 13. a5 a6 14. Qb3 0-0-0 15. Ndf1 d5 16. exd5 exd5 17. Ng3 Ne7 18. Qa4 c6 19. d4 exd4 20. cxd4 Ne8 21. Nc2 Nd6 22. 0-0 Bf6 23. Nb4 Bxh4 24. Nd3 Ne4 25. Ne5 Qe6 26. Bf4 Ng6 27. Nxg6 Qxg6 28. Qb4 Rhf8 29. Be5 Rf7 30. Rac1 Nd6 31. b3 Nb5 32. Ne2 Be7 33. Qa4 Bd6 34. Qa1 h4 35. Qb1 Qg5 36. Bxd6 Nxd6 37. Qd3 Rdf8 38. Rce1 Ne4 39. f3 gxf3 0-1

[Event "Titled Tuesday intern op 05th Sep Late"]
[Site "Chess.com INT"]
[Date "2023.09.05"]
[Round "1"]
[White "Piliczewski, Bogusz"]
[Black "Xhembulla, Aleksander"]
[Result "0-1"]
[WhiteElo "1796"]
[BlackElo "2194"]
[PlyCount "104"]
[EventDate "2023.09.05"]
[EventType "swiss (blitz)"]
[EventRounds "11"]
[EventCountry "USA"]
[SourceTitle "EXT 2024"]
[Source "ChessBase"]
[SourceDate "2023.10.10"]
[SourceVersion "1"]
[SourceVersionDate "2023.10.10"]
[SourceQuality "1"]

1. d4 d5 2. Nf3 c6 3. Bf4 Nf6 4. e3 Bf5 5. Be2 e6 6. h3 Bd6 7. Ne5 0-0 8. 0-0 Qc7 9. Nd2 Nbd7 10. Ndf3 c5 11. c3 Ne4 12. Rc1 f6 13. Nd3 c4 14. Bxd6 Qxd6 15. Nde1 b5 16. a3 a5 17. Nd2 Bg6 18. Nxe4 Bxe4 19. f3 Bg6 20. Nc2 Rfb8 21. Re1 Bxc2 22. Qxc2 b4 23. axb4 axb4 24. Ra1 bxc3 25. bxc3 Rxa1 26. Rxa1 Qb6 27. e4 Qb2 28. Rc1 Qxc2 29. Rxc2 Rb3 30. Kf2 Kf7 31. Ke3 Ke7 32. Kd2 Kd6 33. Ra2 Rb1 34. Bd1 g5 35. Ra8 Ke7 36. Rh8 Nf8 37. Rg8 Kf7 38. Rxf8+ Kxf8 39. exd5 exd5 40. g3 Kg7 41. f4 Ra1 42. fxg5 fxg5 43. Bf3 Ra5 44. Ke3 Kf6 45. h4 gxh4 46. gxh4 Ke6 47. Bg4+ Kd6 48. h5 Ra3 49. h6 Rxc3+ 50. Kf4 Rd3 51. Bf5 Rxd4+ 52. Be4 Rxe4+ 0-1

[Event "Titled Tuesday intern op 05th Sep Late"]
[Site "Chess.com INT"]
[Date "2023.09.05"]
[Round "11"]
[White "Xhembulla, Aleksander"]
[Black "Nasuta, Grzegorz"]
[Result "1-0"]
[WhiteElo "2194"]
[BlackElo "2579"]
[PlyCount "85"]
[EventDate "2023.09.05"]
[EventType "swiss (blitz)"]
[EventRounds "11"]
[EventCountry "USA"]
[SourceTitle "EXT 2024"]
[Source "ChessBase"]
[SourceDate "2023.10.10"]
[SourceVersion "1"]
[SourceVersionDate "2023.10.10"]
[SourceQuality "1"]

1. e4 c5 2. c3 Nf6 3. e5 Nd5 4. Nf3 d6 5. d4 cxd4 6. Bc4 e6 7. cxd4 Nc6 8. 0-0 Be7 9. Qe2 0-0 10. Rd1 Na5 11. Bd3 Nb4 12. exd6 Qxd6 13. Be4 f5 14. Bc2 Nxc2 15. Qxc2 b6 16. d5 exd5 17. Nc3 Bb7 18. Nd4 g6 19. Bh6 Rfe8 20. Re1 Bf6 21. Qd2 Nc4 22. Ndb5 Qxh2+ 23. Kxh2 Nxd2 24. Bxd2 d4 25. Ne2 Rad8 26. Rac1 a6 27. Na3 b5 28. Nf4 Rxe1 29. Rxe1 Kf7 30. Nc2 g5 31. Nh5 Be7 32. Rxe7+ Kxe7 33. Bxg5+ Kd7 34. Bxd8 d3 35. Ne3 Kxd8 36. Nf4 d2 37. f3 Ke7 38. Kg3 Kd6 39. Kf2 Ke5 40. Nd3+ Kd4 41. Ke2 Bc8 42. Kxd2 Be6 43. b3 1-0

[Event "Titled Tuesday intern op 29th Aug Early"]
[Site "Chess.com INT"]
[Date "2023.08.29"]
[Round "1"]
[White "Xhembulla, Aleksander"]
[Black "Kovalenko, Igor"]
[Result "0-1"]
[WhiteElo "2194"]
[BlackElo "2674"]
[PlyCount "76"]
[EventDate "2023.08.29"]
[EventType "swiss (blitz)"]
[EventRounds "11"]
[EventCountry "USA"]
[SourceTitle "EXT 2024"]
[Source "ChessBase"]
[SourceDate "2023.10.10"]
[SourceVersion "1"]
[SourceVersionDate "2023.10.10"]
[SourceQuality "1"]

1. e4 c5 2. c3 Nf6 3. e5 Nd5 4. Nf3 d6 5. d4 cxd4 6. Bc4 Nb6 7. Bb3 Nc6 8. exd6 Qxd6 9. 0-0 Bg4 10. Bxf7+ Kxf7 11. Ng5+ Kg8 12. Qxg4 e5 13. Ne4 Qg6 14. Qxg6 hxg6 15. cxd4 exd4 16. Bf4 Rh5 17. Nbd2 Rd8 18. Rac1 Rd7 19. a3 a5 20. Bg3 Rb5 21. b3 Bxa3 22. Rcd1 Nd5 23. Rfe1 Bb4 24. Ng5 Re7 25. Rxe7 Ndxe7 26. Ndf3 Bc3 27. h4 Nf5 28. Ne4 Rxb3 29. Be5 Nxe5 30. Nxe5 Nxh4 31. Nxc3 dxc3 32. Rd8+ Kh7 33. Nf7 g5 34. Rh8+ Kg6 35. Ne5+ Kf5 36. Nc4 a4 37. Rf8+ Ke6 38. Ra8 c2 0-1

[Event "Titled Tuesday intern op 15th Aug Late"]
[Site "Chess.com INT"]
[Date "2023.08.15"]
[Round "3"]
[White "Caspi, Israel"]
[Black "Xhembulla, Aleksander"]
[Result "0-1"]
[WhiteElo "2468"]
[BlackElo "2194"]
[PlyCount "190"]
[EventDate "2023.08.15"]
[EventType "swiss (blitz)"]
[EventRounds "11"]
[EventCountry "USA"]
[SourceTitle "EXT 2024"]
[Source "ChessBase"]
[SourceDate "2023.10.10"]
[SourceVersion "1"]
[SourceVersionDate "2023.10.10"]
[SourceQuality "1"]

1. e4 e5 2. Nf3 Nc6 3. Bb5 a6 4. Ba4 Nf6 5. 0-0 Be7 6. Re1 b5 7. Bb3 0-0 8. c3 d5 9. exd5 Nxd5 10. Nxe5 Nxe5 11. Rxe5 c6 12. d3 Bd6 13. Re1 Bf5 14. Qf3 Re8 15. Rxe8+ Qxe8 16. Nd2 Qe1+ 17. Nf1 Bg6 18. Bd1 Re8 19. h4 h5 20. Bd2 Qe5 21. Bc2 Nf4 22. d4 Ne2+ 23. Kh1 Qe7 24. Bxg6 Qxh4+ 25. Qh3 Qxh3+ 26. gxh3 fxg6 27. Re1 Kf7 28. h4 Nf4 29. Rxe8 Kxe8 30. Bxf4 Bxf4 31. Ne3 Ke7 32. Kg2 Ke6 33. Kf3 Bd6 34. b3 Be7 35. Ng2 g5 36. hxg5 Bxg5 37. Ne3 Bf6 38. Ng2 g5 39. Ne3 b4 40. d5+ cxd5 41. cxb4 Be7 42. a3 Ke5 43. Nc2 d4 44. Ne1 h4 45. Nd3+ Kf5 46. a4 g4+ 47. Kg2 h3+ 48. Kg3 Bd6+ 49. f4 Ke4 50. Nf2+ Kf5 51. Nxg4 Bxf4+ 52. Kf3 h2 53. Nf2 d3 54. b5 axb5 55. axb5 d2 56. Ke2 Ke6 57. b6 Kd7 58. Kf3 Kc6 59. Kxf4 d1Q 60. Nxd1 h1Q 61. Ne3 Kxb6 62. Nc4+ Kb5 63. Nd2 Kb4 64. Ke3 Qh3+ 65. Kd4 Qh8+ 66. Kd3 Qd8+ 67. Kc2 Qe8 68. Nc4 Qf8 69. Nb2 Qg8 70. Nd3+ Ka3 71. b4 Qc4+ 72. Kd2 Kb3 73. Ke3 Qe6+ 74. Kd4 Ka3 75. Kc5 Qc8+ 76. Kd5 Qd8+ 77. Kc4 Ka4 78. Nc5+ Ka3 79. b5 Qc8 80. b6 Qc6 81. b7 Qc7 82. Kb5 Kb2 83. Ka6 Kc3 84. Na4+ Kb4 85. Nb6 Qb8 86. Nd7 Qd6+ 87. Ka7 Qxd7 88. Ka8 Qd5 89. Ka7 Qa5+ 90. Kb8 Kc5 91. Kc8 Qa6 92. Kc7 Qd6+ 93. Kc8 Qc6+ 94. Kb8 Kb6 95. Ka8 Qxb7# 0-1

[Event "Titled Tuesday intern op 15th Aug Early"]
[Site "Chess.com INT"]
[Date "2023.08.15"]
[Round "2"]
[White "Shapiro, Daniel E"]
[Black "Xhembulla, Aleksander"]
[Result "0-1"]
[WhiteElo "2284"]
[BlackElo "2194"]
[PlyCount "88"]
[EventDate "2023.08.15"]
[EventType "swiss (blitz)"]
[EventRounds "11"]
[EventCountry "USA"]
[SourceTitle "EXT 2024"]
[Source "ChessBase"]
[SourceDate "2023.10.10"]
[SourceVersion "1"]
[SourceVersionDate "2023.10.10"]
[SourceQuality "1"]

1. d4 d5 2. c4 e6 3. Nf3 a6 4. cxd5 exd5 5. g3 Nf6 6. Bg2 Bd6 7. 0-0 0-0 8. Nbd2 Re8 9. Nb3 Bg4 10. Bf4 Bxf3 11. Bxf3 Bxf4 12. gxf4 Nbd7 13. Rc1 c6 14. e3 Ne4 15. Rc2 Qh4 16. Bg2 Re6 17. Qf3 Rh6 18. h3 Ndf6 19. Nc1 g5 20. fxg5 Nxg5 21. Qg3 Kh8 22. Nd3 Nxh3+ 23. Bxh3 Qxh3 24. Qxh3 Rxh3 25. Kg2 Rh6 26. Nc5 Ne4 27. Kf3 Nxc5 28. dxc5 Re8 29. Rc3 Rg6 30. Rb3 Re7 31. Rd1 Rf6+ 32. Ke2 Rfe6 33. Rd4 Re4 34. Rdb4 Rxb4 35. Rxb4 Kg7 36. Kf3 f5 37. Rb6 Kf6 38. b4 Ke5 39. a4 d4 40. exd4+ Kxd4 41. Kf4 Rf7 42. f3 h6 43. Kg3 f4+ 44. Kf2 h5 0-1

[Event "Titled Tuesday intern op 15th Aug Late"]
[Site "Chess.com INT"]
[Date "2023.08.15"]
[Round "1"]
[White "Xhembulla, Aleksander"]
[Black "Bazyrtsyrenov, Kirill"]
[Result "1-0"]
[WhiteElo "2194"]
[BlackElo "2242"]
[PlyCount "75"]
[EventDate "2023.08.15"]
[EventType "swiss (blitz)"]
[EventRounds "11"]
[EventCountry "USA"]
[SourceTitle "EXT 2024"]
[Source "ChessBase"]
[SourceDate "2023.10.10"]
[SourceVersion "1"]
[SourceVersionDate "2023.10.10"]
[SourceQuality "1"]

1. e4 c5 2. c3 d5 3. exd5 Nf6 4. Nf3 Nxd5 5. Bc4 Nc6 6. 0-0 e6 7. d4 cxd4 8. Nxd4 Bd6 9. Re1 0-0 10. Nxc6 bxc6 11. Nd2 Qc7 12. Nf3 Rb8 13. Bb3 c5 14. Rb1 Bb7 15. Bg5 h6 16. Bh4 Nf4 17. Bg3 Rbd8 18. Bc2 Qc6 19. Be4 Nd5 20. c4 Qa6 21. cxd5 exd5 22. Bc2 Bxg3 23. hxg3 d4 24. Qd3 g6 25. Qxa6 Bxa6 26. Rbd1 Rfe8 27. Rxe8+ Rxe8 28. Rd2 g5 29. g4 f6 30. b4 cxb4 31. Bb3+ Kg7 32. Nxd4 h5 33. gxh5 Kh6 34. g4 Re1+ 35. Kh2 Bb7 36. Nf5+ Kh7 37. Rd7+ Kh8 38. Rxb7 1-0

[Event "Konjic op 12th"]
[Site "Konjic"]
[Date "2023.03.04"]
[Round "7"]
[White "Xhembulla, Aleksander"]
[Black "Buljubasic, Sabahudin"]
[Result "1-0"]
[WhiteElo "2151"]
[BlackElo "2276"]
[PlyCount "79"]
[EventDate "2023.03.01"]
[EventType "swiss"]
[EventRounds "7"]
[EventCountry "BIH"]
[SourceTitle "CBM 213 Extra"]
[Source "ChessBase"]
[SourceDate "2023.05.31"]
[SourceVersion "1"]
[SourceVersionDate "2023.05.31"]
[SourceQuality "1"]

1. e4 g6 2. d4 Bg7 3. Nc3 d6 4. Be3 a6 5. h4 h5 6. Qd2 b5 7. f3 Nd7 8. Nh3 Nb6 9. Ng5 e6 10. Bd3 Ne7 11. 0-0-0 c6 12. g4 Nc4 13. Bxc4 bxc4 14. gxh5 Rxh5 15. Ne2 Rb8 16. Ng3 Rh8 17. f4 Qb6 18. c3 Qa5 19. Kb1 Bd7 20. h5 Rg8 21. hxg6 fxg6 22. Rh7 c5 23. Rxg7 Rxg7 24. dxc5 d5 25. Rh1 Qb5 26. Rh8+ Rg8 27. Rh7 Rf8 28. Ne2 e5 29. exd5 Nxd5 30. Ne4 Bf5 31. N2g3 Nxe3 32. a4 Qc6 33. Qxe3 exf4 34. Qxf4 Bxe4+ 35. Qxe4+ Qxe4+ 36. Nxe4 Kd8 37. c6 Rb6 38. Rd7+ Kc8 39. Nd6+ Kb8 40. c7+ 1-0

[Event "Konjic op 12th"]
[Site "Konjic"]
[Date "2023.03.03"]
[Round "4"]
[White "Xhembulla, Aleksander"]
[Black "Dizdarevic, Emir"]
[Result "1/2-1/2"]
[WhiteElo "2151"]
[BlackElo "2364"]
[PlyCount "81"]
[EventDate "2023.03.01"]
[EventType "swiss"]
[EventRounds "7"]
[EventCountry "BIH"]
[SourceTitle "CBM 213 Extra"]
[Source "ChessBase"]
[SourceDate "2023.05.31"]
[SourceVersion "1"]
[SourceVersionDate "2023.05.31"]
[SourceQuality "1"]

1. e4 c6 2. d4 d5 3. Nc3 a6 4. h3 dxe4 5. Nxe4 Bf5 6. Ng3 Bg6 7. Nf3 Nd7 8. Bd3 Ngf6 9. 0-0 e6 10. Bxg6 hxg6 11. Ng5 Be7 12. c4 0-0 13. Be3 b5 14. b3 bxc4 15. bxc4 c5 16. dxc5 Bxc5 17. Qf3 Rc8 18. Rfd1 Qe7 19. Bxc5 Nxc5 20. Qf4 Rfd8 21. Nf3 Rd7 22. Rxd7 Qxd7 23. Ne5 Qa4 24. Qd4 Nfd7 25. Nxd7 Qxd7 26. Rd1 Qxd4 27. Rxd4 Kf8 28. Nf1 Ke7 29. Ne3 Rb8 30. Rd2 Rb1+ 31. Kh2 g5 32. g3 f5 33. Rc2 Nd3 34. c5 Rc1 35. Re2 Kf6 36. Kg2 Nxc5 37. Rb2 Rc3 38. Rb6 Ra3 39. Rc6 Nd3 40. Nd5+ Ke5 41. Nc3 1/2-1/2

[Event "EU-ch Cities&Town op"]
[Site "Tornelo INT"]
[Date "2023.01.29"]
[Round "?"]
[White "Gheorghiu, Calin"]
[Black "Xhembulla, Aleksander"]
[Result "1-0"]
[WhiteElo "2317"]
[BlackElo "2091"]
[PlyCount "141"]
[EventDate "2023.01.29"]
[EventType "team-swiss"]
[EventRounds "9"]
[EventCountry "NET"]
[SourceTitle "CBM 212 Extra"]
[Source "ChessBase"]
[SourceDate "2023.03.31"]
[SourceVersion "1"]
[SourceVersionDate "2023.03.31"]
[SourceQuality "1"]
[WhiteTeam "Iasi"]
[BlackTeam "Tirana"]
[WhiteTeamCountry "ROU"]
[BlackTeamCountry "ALB"]

1. b3 e5 2. Bb2 Nc6 3. e3 d5 4. Bb5 Nge7 5. Bxe5 a6 6. Bxc6+ Nxc6 7. Bg3 h5 8. h4 Bg4 9. Nf3 Qf6 10. d4 0-0-0 11. Nbd2 Bb4 12. c4 dxc4 13. bxc4 Rxd4 14. exd4 Nxd4 15. 0-0 Bxd2 16. Qxd2 Bxf3 17. Qa5 b6 18. Qe5 Qxe5 19. Bxe5 Nc6 20. Rfe1 Bg4 21. Bxg7 Rg8 22. Bc3 Be6 23. Re4 Rd8 24. Rc1 Kb7 25. f3 Rd3 26. Kf2 Ne7 27. Ke2 Rd7 28. g4 Ng6 29. gxh5 Nf8 30. h6 f5 31. Rd4 Rh7 32. Rd8 Bxc4+ 33. Kf2 Ng6 34. Bg7 b5 35. Kg3 Be6 36. h5 f4+ 37. Kf2 Ne7 38. Re1 Nc6 39. Rd2 Bf7 40. Rc1 Bxh5 41. Rd7 Be8 42. Rd2 a5 43. Rb2 b4 44. a3 Kb6 45. axb4 axb4 46. Rc4 Kb5 47. Rxf4 Bg6 48. Rf6 Bd3 49. Ke3 Bc4 50. Rc2 Na5 51. Rf5+ c5 52. Bf8 Nb7 53. Rf4 Bd5 54. Bg7 b3 55. Rb2 Na5 56. Kd3 Nc6 57. Kc3 Nb4 58. Rf8 Be6 59. f4 Nd5+ 60. Kxb3 c4+ 61. Kc2+ Kc6 62. Kd2 Ne7 63. Ke3 Nf5+ 64. Ke4 Nxg7 65. hxg7 Rxg7 66. f5 Bd5+ 67. Ke5 Re7+ 68. Kf6 Re1 69. Rc8+ Kd6 70. Rd2 Kd7 71. Rc5 1-0

[Event "EU-ch Cities&Town op"]
[Site "Tornelo INT"]
[Date "2023.01.29"]
[Round "?"]
[White "Samunenkov, Igor"]
[Black "Xhembulla, Aleksander"]
[Result "0-1"]
[WhiteElo "2485"]
[BlackElo "2091"]
[PlyCount "158"]
[EventDate "2023.01.29"]
[EventType "team-swiss"]
[EventRounds "9"]
[EventCountry "NET"]
[SourceTitle "CBM 212 Extra"]
[Source "ChessBase"]
[SourceDate "2023.03.31"]
[SourceVersion "1"]
[SourceVersionDate "2023.03.31"]
[SourceQuality "1"]
[WhiteTeam "Kiev Region"]
[BlackTeam "Tirana"]
[WhiteTeamCountry "UKR"]
[BlackTeamCountry "ALB"]

1. e4 e5 2. Nf3 Nc6 3. Bb5 a6 4. Ba4 Nf6 5. Nc3 b5 6. Bb3 d6 7. Ng5 d5 8. Nxd5 Bc5 9. Nxf7 Kxf7 10. Nxf6+ Be6 11. Nd5 Nd4 12. Qh5+ g6 13. Qxe5 Nxb3 14. axb3 Bd6 15. Qd4 Rf8 16. d3 Kg8 17. Bh6 Rf7 18. b4 Qh4 19. Be3 Rd8 20. 0-0-0 c6 21. e5 Qxd4 22. Bxd4 Bf8 23. Nf6+ Rxf6 24. exf6 Rxd4 25. Rhe1 Kf7 26. c3 Rd6 27. Kc2 Kxf6 28. Ra1 Bf5 29. Red1 Bc8 30. h4 Rd5 31. f3 c5 32. bxc5 Bxc5 33. b4 Bd6 34. Re1 Be7 35. g4 h5 36. Re4 Kf7 37. gxh5 Rxh5 38. Rae1 Bf6 39. Kb3 Bf5 40. R4e3 Rxh4 41. c4 Rd4 42. Rh1 Bxd3 43. c5 Bc4+ 44. Kc2 Rf4 45. Rh7+ Bg7 46. c6 Be6 47. Rxg7+ Kxg7 48. Rxe6 Kf7 49. Re3 Rc4+ 50. Kb3 Rxc6 51. Rd3 Kf6 52. Rd5 Re6 53. f4 Re4 54. Rd6+ Re6 55. Rd5 Re3+ 56. Kc2 Re4 57. Kc3 Rc4+ 58. Kb3 Rxf4 59. Rd6+ Kf5 60. Rxa6 Re4 61. Kc3 Re5 62. Kd4 g5 63. Ra8 Kf4 64. Rg8 Rf5 65. Rh8 g4 66. Rh4 Kf3 67. Rh1 Kf2 68. Ke4 Rf8 69. Rh2+ Kg3 70. Rh5 Kg2 71. Rxb5 g3 72. Rg5 Kf2 73. Kd4 g2 74. b5 Rf4+ 75. Kc5 Rf3 76. b6 Rg3 77. Rf5+ Ke2 78. Re5+ Kd2 79. Rd5+ Kc2 0-1

[Event "EU-chT U18"]
[Site "Thessaloniki"]
[Date "2022.07.13"]
[Round "2.10"]
[White "Xhembulla, Aleksander"]
[Black "Gerasopoulos, Nikolaos"]
[Result "0-1"]
[WhiteElo "1909"]
[BlackElo "1526"]
[PlyCount "38"]
[EventDate "2022.07.12"]
[EventType "team-swiss"]
[EventRounds "7"]
[EventCountry "GRE"]
[SourceTitle "CBM 209 Extra"]
[Source "ChessBase"]
[SourceDate "2022.09.30"]
[SourceVersion "1"]
[SourceVersionDate "2022.09.30"]
[SourceQuality "1"]
[WhiteTeam "Albania U18"]
[BlackTeam "Greece Esth U18"]
[WhiteTeamCountry "ALB"]
[BlackTeamCountry "GRE"]

1. e4 e6 2. d4 d5 3. Nd2 dxe4 4. Nxe4 Nd7 5. Nf3 Ngf6 6. Nxf6+ Nxf6 7. c3 Be7 8. Bd3 0-0 9. Qe2 b6 10. Bf4 c5 11. dxc5 bxc5 12. h4 Bb7 13. h5 h6 14. g4 e5 15. Bxe5 Nxg4 16. Rh3 Bd6 17. Be4 Bxe4 18. Qxe4 Nxe5 19. Nxe5 Bxe5 0-1

[Event "EU-chT U18"]
[Site "Thessaloniki"]
[Date "2022.07.12"]
[Round "1.6"]
[White "Deuer, Marius"]
[Black "Xhembulla, Aleksander"]
[Result "0-1"]
[WhiteElo "2338"]
[BlackElo "1909"]
[PlyCount "72"]
[EventDate "2022.07.12"]
[EventType "team-swiss"]
[EventRounds "7"]
[EventCountry "GRE"]
[SourceTitle "CBM 209 Extra"]
[Source "ChessBase"]
[SourceDate "2022.09.30"]
[SourceVersion "1"]
[SourceVersionDate "2022.09.30"]
[SourceQuality "1"]
[WhiteTeam "Germany U18 II"]
[BlackTeam "Albania U18"]
[WhiteTeamCountry "GER"]
[BlackTeamCountry "ALB"]

1. d4 Nf6 2. c4 e6 3. Nc3 Bb4 4. e3 0-0 5. Nge2 Re8 6. a3 Bf8 7. Ng3 d5 8. Be2 b6 9. 0-0 Bb7 10. cxd5 exd5 11. b4 c6 12. Qb3 Nbd7 13. f3 a5 14. Rb1 axb4 15. axb4 Rb8 16. e4 c5 17. Bf4 cxd4 18. Bxb8 Nxb8 19. Nxd5 Bxd5 20. exd5 Nxd5 21. Bb5 Re3 22. Qc4 Nxb4 23. Rfc1 Nd3 24. Rd1 Ne5 25. Qxd4 Re1+ 26. Bf1 Qxd4+ 27. Rxd4 Rxb1 28. Rd8 Nbc6 29. Rc8 Ne7 30. Re8 g6 31. h4 h5 32. Ne4 Kg7 33. Kf2 Rb2+ 34. Kg1 N5c6 35. Ng5 Nf5 36. Bd3 Bc5+ 0-1

[Event "Francophonie-chT Rapid"]
[Site "Tornelo INT"]
[Date "2022.06.05"]
[Round "8.6"]
[White "Aduamah, David Kofi"]
[Black "Xhembulla, Aleksander"]
[Result "0-1"]
[WhiteElo "1742"]
[BlackElo "1909"]
[PlyCount "110"]
[EventDate "2022.06.04"]
[EventType "team-swiss (rapid)"]
[EventRounds "11"]
[EventCountry "FRA"]
[SourceTitle "CBM 208 Extra"]
[Source "ChessBase"]
[SourceDate "2022.07.31"]
[SourceVersion "1"]
[SourceVersionDate "2022.07.31"]
[SourceQuality "1"]
[WhiteTeam "Ghana"]
[BlackTeam "Albania II"]
[WhiteTeamCountry "GHA"]
[BlackTeamCountry "ALB"]

1. Nf3 Nf6 2. c4 e6 3. d4 b6 4. e3 Bb7 5. Be2 Be7 6. b3 0-0 7. 0-0 c5 8. Nc3 d6 9. Qc2 Nc6 10. a3 Rc8 11. Rd1 Qc7 12. d5 exd5 13. Nxd5 Nxd5 14. cxd5 Nb8 15. Bb2 Nd7 16. Qf5 Bf6 17. Bxf6 Nxf6 18. Ng5 h6 19. Ne4 Nxe4 20. Qxe4 Rfe8 21. Qf4 a6 22. h4 Qe7 23. Bg4 Rc7 24. Bf3 Qe5 25. Qxe5 Rxe5 26. Rac1 b5 27. a4 f5 28. axb5 axb5 29. g3 Kf7 30. Kf1 Kf6 31. Rd2 g5 32. hxg5+ hxg5 33. Ra1 c4 34. bxc4 bxc4 35. Ke2 c3 36. Rc2 Bxd5 37. Bxd5 Rxd5 38. Ra3 Rdc5 39. Kd3 Rd5+ 40. Ke2 Rdc5 41. Kd3 Ke5 42. f3 g4 43. f4+ Kd5 44. Raxc3 Rxc3+ 45. Rxc3 Rxc3+ 46. Kxc3 Ke4 47. Kd2 Kf3 48. Kd3 Kxg3 49. Ke2 d5 50. Kd3 Kf3 51. Kd4 g3 52. Kxd5 g2 53. Ke5 g1Q 54. Kxf5 Qxe3 55. Kf6 Qxf4+ 0-1

[Event "Francophonie-chT Rapid"]
[Site "Tornelo INT"]
[Date "2022.06.04"]
[Round "6.5"]
[White "Xhembulla, Aleksander"]
[Black "Kassar, Bashar"]
[Result "1-0"]
[WhiteElo "1909"]
[BlackElo "1442"]
[PlyCount "93"]
[EventDate "2022.06.04"]
[EventType "team-swiss (rapid)"]
[EventRounds "11"]
[EventCountry "FRA"]
[SourceTitle "CBM 208 Extra"]
[Source "ChessBase"]
[SourceDate "2022.07.31"]
[SourceVersion "1"]
[SourceVersionDate "2022.07.31"]
[SourceQuality "1"]
[WhiteTeam "Albania II"]
[BlackTeam "Lebanon II"]
[WhiteTeamCountry "ALB"]
[BlackTeamCountry "LBN"]

1. e4 e6 2. d4 d5 3. Nd2 Nf6 4. e5 Nfd7 5. Bd3 c5 6. c3 Nc6 7. Ne2 Qb6 8. Nf3 cxd4 9. cxd4 f6 10. exf6 Nxf6 11. Bf4 Bb4+ 12. Bd2 Bd6 13. 0-0 0-0 14. Bf4 Bxf4 15. Nxf4 Ne4 16. Ne2 e5 17. Bxe4 dxe4 18. Nxe5 Nxe5 19. dxe5 Be6 20. Qd4 Qxd4 21. Nxd4 Bd5 22. f4 exf3 23. gxf3 Rf4 24. Rad1 Raf8 25. Kg2 g5 26. Kg3 g4 27. e6 R8f6 28. Rfe1 Kf8 29. e7+ Ke8 30. fxg4 Re4 31. Rxe4 Bxe4 32. Re1 Bd5 33. g5 Rf7 34. Nb5 Rf3+ 35. Kg4 h5+ 36. gxh6 Bc6 37. Nd6+ Kd7 38. e8Q+ Kxd6 39. Qxc6+ Kxc6 40. Kxf3 b5 41. h7 a5 42. h8Q b4 43. Qe5 a4 44. Rd1 b3 45. Rd6+ Kc7 46. Qe7+ Kc8 47. Rd8# 1-0

[Event "EU-ch Amateur Online Final 1700/2000"]
[Site "Tornelo INT"]
[Date "2021.04.25"]
[Round "3"]
[White "Xhembulla, Aleksander"]
[Black "Drakaki, Anna Maria"]
[Result "0-1"]
[WhiteElo "1739"]
[BlackElo "1997"]
[PlyCount "68"]
[EventDate "2021.04.25"]
[EventType "swiss (rapid)"]
[EventRounds "9"]
[EventCountry "NET"]
[SourceTitle "EXT 2023"]
[Source "ChessBase"]
[SourceDate "2022.10.05"]
[SourceVersion "1"]
[SourceVersionDate "2022.10.05"]
[SourceQuality "1"]

1. e4 c5 2. c3 d5 3. exd5 Qxd5 4. Nf3 Nf6 5. d4 Bg4 6. Be2 e6 7. 0-0 Nc6 8. Be3 cxd4 9. cxd4 Be7 10. Nc3 Qd8 11. h3 Bf5 12. Ne5 0-0 13. Nxc6 bxc6 14. Bf3 Nd5 15. Rc1 Rb8 16. Na4 Qd7 17. Qd2 Qb7 18. b3 Bb4 19. Qe2 Rfd8 20. Nc5 Qe7 21. Na6 Rb6 22. Nxb4 Nxb4 23. Rfd1 Nd5 24. Rc5 h6 25. Qc4 Rb4 26. Qc1 Rb6 27. Rxc6 Rxc6 28. Qxc6 Nxe3 29. fxe3 Qg5 30. Kf2 e5 31. dxe5 Rc8 32. Qa6 Rc2+ 33. Kf1 Qxe3 34. Rd8+ Kh7 0-1

[Event "Wch FIDE Online U14 Europe qual"]
[Site "Tornelo INT"]
[Date "2020.12.09"]
[Round "6"]
[White "Palchuk, Andrii"]
[Black "Xhembulla, Aleksander"]
[Result "1-0"]
[WhiteElo "2097"]
[BlackElo "1691"]
[PlyCount "63"]
[EventDate "2020.12.07"]
[EventType "swiss (rapid)"]
[EventRounds "7"]
[EventCountry "ISS"]
[SourceTitle "EXT 2022"]
[Source "ChessBase"]
[SourceDate "2021.10.06"]
[SourceVersion "1"]
[SourceVersionDate "2021.10.06"]
[SourceQuality "1"]

1. d4 Nf6 2. c4 c5 3. d5 e6 4. Nc3 exd5 5. cxd5 d6 6. e4 g6 7. f4 Bg7 8. Bb5+ Nfd7 9. a4 a6 10. Bd3 0-0 11. Nf3 Re8 12. 0-0 b6 13. Re1 Bb7 14. Be3 Nf6 15. h3 Nbd7 16. Qd2 Qc7 17. Bf2 h5 18. Bc2 Nh7 19. Rad1 Rad8 20. Bg3 c4 21. Kh1 Nhf8 22. Qf2 f6 23. Nd4 Qc5 24. Qf1 f5 25. Bf2 fxe4 26. Ne6 Qc8 27. Nxg7 Kxg7 28. Bd4+ Kg8 29. Nxe4 Bxd5 30. f5 Nc5 31. Nf6+ Kh8 32. Nxe8+ 1-0